00257nam a2200109Ia 4500008004100000100002200041245002800063250001200091260002800103300000800131650000800139191201s2009 xx 000 0 und d aROBBINS,Stephen P 0aOrganizational Behavior a2nd IMP c2009bPearsonaN. Delhi a782 aMBA